| 000 | 00478nam a2200181Ia 4500 | ||
|---|---|---|---|
| 005 | 20250312042217.0 | ||
| 008 | 240331s9999 xx 000 0 und d | ||
| 020 | _a0803933983 | ||
| 082 |
_a301.1 _bFEM _24429 |
||
| 245 | 0 | _aFeminism and Sociological Theory | |
| 260 |
_aCalifornia; _aLondon; _aNew Delhi, _bSAGE Publications _c1989 |
||
| 300 | _a211 p., | ||
| 650 | _aFeminism | ||
| 650 | _aGender Equality | ||
| 650 | _aSociology | ||
| 700 |
_aWallace, R. A _eedt |
||
| 942 | _cL | ||
| 999 |
_c1067 _d1067 |
||